Текст томруулах:    
Introduction to risk management and insurance (Бичлэгийн дугаар. 146072)
000 -УДИРДЛАГА
Удирдлага 01874nam a22005537a 4500
003 - ХЯНАЛТЫН ТОО ТОДОРХОЙЛОГЧ
Код MN-UlNUM
005 - БИЧИЛТ ХИЙСЭН ОГНОО
Тухайн бичилтийг бичсэн засварласан сүүлийн огноо 20260103192048.0
008 - ЕРӨНХИЙ МЭДЭЭЛЭЛ
Ерөнхий мэдээлэл 230621s2008 njua b 001 0 eng
020 ## - ISBN
ISBN 0136038727
-- 9780136038726
040 ## - БИЧЛЭГ ҮҮСГЭГЧ БАЙГУУЛЛАГА
Бичлэг үүсгэгч номын сангийн код МУИС-ийн номын сан
084 ## - ББК АНГИЛАЛ
Нэмэлт тусгалт Гарын авлага
ББК ангилал 65.271
Зохиогчийн гурван тэмдэгт D 74
Мэдлэгийн ялгаа 65 - Эдийн засаг
100 1# - ЗОХИОГЧ
Зохиогчийн нэр Dorfman, Mark S.
Зохиогчийн огноо 1945-
245 ## - ҮНДСЭН ГАРЧИГ
Номын нэр Introduction to risk management and insurance
Оролцогчдын тухай мэдээ Mark S. Dorfman
250 ## - ДАХИН ХЭВЛЭЛТ
Дахин гаралтын дугаар 9th ed
260 ## - ГАРАЛТЫН МЭДЭЭ
Хэвлэгдсэн газар Upper Saddle River, N.J.
Хэвлэлийн газар Pearson/Prentice Hall
Хэвлэгдсэн он 2008
300 ## - МАТЕРИАЛЫН ТОДОРХОЙЛОЛТ
хуудасны тоо xxxi, 567 p.
Бусад тоон мэдээлэл ill.
Хэмжээ 26 cm.
500 ## - Тайлбар
Дансны дугаар БС 6003-6004
546 ## - ХЭЛНИЙ ТУХАЙ МЭДЭЭ
Хэл Англи хэл дээр,
653 ## - Түлхүүр үг
Түлхүүр үг economic science
653 ## - Түлхүүр үг
Түлхүүр үг risk management
653 ## - Түлхүүр үг
Түлхүүр үг organization management
653 ## - Түлхүүр үг
Түлхүүр үг handbook
740 ## - НОМЫН ГАРЧИГ
Гарчиг Fundamentals and Terminology
740 ## - НОМЫН ГАРЧИГ
Гарчиг Defining the Insurable Event
740 ## - НОМЫН ГАРЧИГ
Гарчиг Risk Management
740 ## - НОМЫН ГАРЧИГ
Гарчиг Insurance Companies
740 ## - НОМЫН ГАРЧИГ
Гарчиг Insurance Occupations
740 ## - НОМЫН ГАРЧИГ
Гарчиг The Insurance Market: The Economic Problem
740 ## - НОМЫН ГАРЧИГ
Гарчиг Insurance Regulation
740 ## - НОМЫН ГАРЧИГ
Гарчиг Insurance Contracts
740 ## - НОМЫН ГАРЧИГ
Гарчиг Basic Property and Liability Insurance Contracts
740 ## - НОМЫН ГАРЧИГ
Гарчиг Homeowners Insurance (HO)
740 ## - НОМЫН ГАРЧИГ
Гарчиг The Personal Auto Policy
740 ## - НОМЫН ГАРЧИГ
Гарчиг Professional Financial Planning
740 ## - НОМЫН ГАРЧИГ
Гарчиг Life Insurance Policies
740 ## - НОМЫН ГАРЧИГ
Гарчиг Standard Life Insurance Contract Provisions and Options
740 ## - НОМЫН ГАРЧИГ
Гарчиг Annuities
740 ## - НОМЫН ГАРЧИГ
Гарчиг Medical Expense and Disability Income Insurance
740 ## - НОМЫН ГАРЧИГ
Гарчиг Advanced Topics in Risk Management
740 ## - НОМЫН ГАРЧИГ
Гарчиг Commercial Property Insurance
740 ## - НОМЫН ГАРЧИГ
Гарчиг Commercial Liability Insurance
740 ## - НОМЫН ГАРЧИГ
Гарчиг Bonding, Crime Insurance, and Reinsurance
740 ## - НОМЫН ГАРЧИГ
Гарчиг Employee Benefits
740 ## - НОМЫН ГАРЧИГ
Гарчиг Social Security
740 ## - НОМЫН ГАРЧИГ
Гарчиг Unemployment and Workers' Compensation Insurance
942 ## - ЭЛЕМЕНТИЙН ТӨРӨЛ
Зүйлийн төрөл Ном